Versuche
Αποθηκεύτηκε σε:
| Κύριος συγγραφέας: | |
|---|---|
| Άλλοι συγγραφείς: | |
| Μορφή: | Βιβλίο |
| Γλώσσα: | Greek |
| Δημοσίευση: |
Basel :
Akritas,
1973.
|
| Σειρά: | Studientexte neugriechischer Literatur
1 |
| Θέματα: | |
| Ετικέτες: |
Προσθήκη ετικέτας
Δεν υπάρχουν, Καταχωρήστε ετικέτα πρώτοι!
|
MARC
| LEADER | 00000cam a2200000 i 4500 | ||
|---|---|---|---|
| 001 | 1/4220 | ||
| 008 | 100205s1973 sz | ||| |||| ||gre|| | ||
| 035 | |l 10106660 | ||
| 040 | |a GR-MyUA |b gre |e AACR2 | ||
| 041 | 0 | |a gre | |
| 082 | 0 | |a 889.4 |2 (22) | |
| 100 | 1 | |a Σεφέρης, Γιώργος, |d 1900-1971. | |
| 245 | 1 | 0 | |a Versuche / |c Georg Seferis ; eingeleitet, ubersetzt und erlautert von Panos Lampsides. |
| 260 | |a Basel : |b Akritas, |c 1973. | ||
| 300 | |a 182 σ. : |c 21 εκ. | ||
| 490 | 1 | |a (Studientexte neugriechischer Literatur |v ; 1) | |
| 504 | |a Περιέχει ευρετήριο. | ||
| 650 | 0 | 0 | |a Greek essays, Modern. |
| 650 | 0 | 0 | |a Greek poetry, Modern |x History and criticism. |
| 700 | 1 | |a Λαμψίδης, Πάνος, |e trl | |
| 830 | 0 | |a Studientexte neugriechischer Literatur |v 1 | |
| 852 | |a INST |b SAMOS |e 20100205 |h 889.4 ΣΕΦ |p 005300022973 |q 005300022973 |t BK |y 0 | ||
| 901 | |a BIBL3-2010-1 | ||
| 909 | |a Σ |b 113898 | ||
| 970 | |a ΡΟΥΣΣΟΥ |b ΚΩΝΣΤΑΝΤΙΝΑ |z 2010/02/05 | ||